Faculty of Law Library — Cairo University

Official Online Catalog

Le vicende del marco tedesco / (Record no. 76869)

MARC details
000 -LEADER
fixed length control field 01168nam a22003257i 4500
003 - CONTROL NUMBER IDENTIFIER
control field EG-GICUC
005 - DATE AND TIME OF LATEST TRANSACTION
control field 20260514000531.0
008 - FIXED-LENGTH DATA ELEMENTS--GENERAL INFORMATION
fixed length control field 260513s1931 it ||||fr|||| 00| 0 ita d
040 ## - CATALOGING SOURCE
Original cataloging agency EG-GiCUC
Language of cataloging ita
Transcribing agency EG-GiCUC
Modifying agency EG-GiCUC
Description conventions rda
041 0# - LANGUAGE CODE
Language code of text/sound track or separate title ita
Language code of original ita
082 04 - DEWEY DECIMAL CLASSIFICATION NUMBER
Edition number 21
Classification number 343.38
Item number BR.L
092 04 - LOCALLY ASSIGNED DEWEY CALL NUMBER (OCLC)
Edition number 21
099 ## - LOCAL FREE-TEXT CALL NUMBER (OCLC)
Classification number Law1 10 343.38 BR.V 1931
100 1# - MAIN ENTRY--PERSONAL NAME
Personal name Bresciani-Turroni, Costantino
Relator term Author.
245 10 - TITLE STATEMENT
Title Le vicende del marco tedesco /
Statement of responsibility, etc. Costantino Bresciani-Turroni
264 ## - PRODUCTION, PUBLICATION, DISTRIBUTION, MANUFACTURE, AND COPYRIGHT NOTICE
Place of production, publication, distribution, manufacture Milano :
Name of producer, publisher, distributor, manufacturer Università Bocconi Editrice,
Date of production, publication, distribution, manufacture, or copyright notice 1931 - IX.
300 ## - PHYSICAL DESCRIPTION
Extent 596pages :
Other physical details illustrations,
Dimensions 24 cm
336 ## - CONTENT TYPE
Source rda content
Content type term text
337 ## - MEDIA TYPE
Source rda media
Media type term Computer
338 ## - CARRIER TYPE
Source rda carrier
Carrier type term Online Resource
500 ## - GENERAL NOTE
General note Il libro garantisce che l'autore è professore presso l'Università degli Studi di Milano e l'Università Egiziana del Cairo (Egyptian University in Cairo).
504 ## - BIBLIOGRAPHY, ETC. NOTE
Bibliography, etc. note Bibliography: pages 200-250.
546 ## - LANGUAGE NOTE
Language note Text in Italian
650 ## - SUBJECT ADDED ENTRY--TOPICAL TERM
Topical term or geographic name entry element Disposizioni penali
Source of heading or term qrmak
651 1# - SUBJECT ADDED ENTRY--GEOGRAPHIC NAME
Source of heading or term qrmak
700 1# - ADDED ENTRY--PERSONAL NAME
Personal name Mace, C. A.
Relator term Author.
856 40 - ELECTRONIC LOCATION AND ACCESS
Uniform Resource Identifier <a href="https://fll.law.cu.edu.eg/fulltext/bks/B10-11225.pdf">https://fll.law.cu.edu.eg/fulltext/bks/B10-11225.pdf</a>
905 ## - Cataloger and Reviser Names
Cataloger Name: Marwa
942 ## - ADDED ENTRY ELEMENTS (KOHA)
Source of classification or shelving scheme Dewey Decimal Classification
Koha item type Books
Edition 21
Suppress in OPAC No
Holdings
Withdrawn status Lost status Source of classification or shelving scheme Damaged status Not for loan Collection Home library Current library Date acquired Total checkouts Full call number Barcode Date last seen Copy number Price effective from Koha item type
    Dewey Decimal Classification   Not for loan القانون الجنائي جــــامعة القــاهرة مكتبة كلية الحقوق - المبنى الرئيسي 14.05.2026   Law1 10 343.38 BR.V 1931 1011225 C1 B10-11225 13.05.2026 1 13.05.2026 Books

© All rights reserved — Faculty of Law, Cairo University